A Calád, Egyház, Állam Jogai És Kötelességei A Tanitás És Nevelés Terén A Budapesti Királyi Tudomány-Egyetem Hittani Karától A Horváth-Alapból 2000 Korona Dijjal Jutamazott Pályamű II. Kötet Az Állam Jogai És Kötelesseégei A Tanitás És Nevelés Terén

Bibliographic Details
Main Author: Sarmaságh, Géza, 1852-1911 (Author)
Corporate Author: Kopasz, Gejza a Kramár, Viliam (Nitra, Slovensko) (Printer)
Format: Book
Language:Hungarian
PhysicalDescription:588 s. 22 cm
Published: Nyitra Kapsz és Kramár Nyomása 1905
Subjects:

MARC

LEADER 00000nam a2200000 a 4500
001 vtls001162006
003 SK-MaSNL
005 20260301063254.0
008 240314s1905 xo r 0 hun
015 |a SNBA1905 
040 |a SNK  |b slo  |c SNK  |e AACR2 
041 0 |a hun 
044 |a xo  |c SK 
072 7 |a 37  |x Výchova a vzdelávanie  |2 konspekt 
080 |a 37.01/.09  |2 2011 
100 1 |a Sarmaságh, Géza,  |d 1852-1911  |4 aut  |9 378755 
245 1 0 |a A Calád, Egyház, Állam Jogai És Kötelességei A Tanitás És Nevelés Terén  |b A Budapesti Királyi Tudomány-Egyetem Hittani Karától A Horváth-Alapból 2000 Korona Dijjal Jutamazott Pályamű  |n II. Kötet  |p Az Állam Jogai És Kötelesseégei A Tanitás És Nevelés Terén  |c Irta Sarmaságh Géza 
260 |a Nyitra  |b Kapsz és Kramár Nyomása  |c 1905 
300 |a 588 s.  |c 22 cm 
504 |a Úvod. Poznámky pod textom 
650 0 7 |a výchova a vzdelávanie  |2 SNKPH  |9 1684 
710 2 |a Kopasz, Gejza a Kramár, Viliam (Nitra, Slovensko),  |d 1902-1909  |4 prt  |9 378756 
752 |a Slovensko  |d Nitra 
852 |a SNK  |p SC 11584/2 
958 |a ONDV 
999 |c 623481  |d 625411 
952 |a SNK  |b SNK  |y PREZ  |7 0  |p 17A0837390  |o snkSC 11584/2  |i snkKSF 1228/58  |8 5  |0 0  |1 0  |4 0  |d 2012-08-23  |l 0  |r 2025-07-11 00:00:00  |w 2026-02-23 
952 |t P60, <04>, [BOOK], {604}  |a SNK  |b SNK  |y VYP  |7 0  |o snkSC 11584/2 D1  |i snkKSF 2208/58  |0 0  |1 0  |4 0  |d 2000-12-01  |l 0  |r 2005-01-01 00:00:00  |w 2026-02-23 
952 |t P60, <04>, [BOOK], {604}  |a SNK  |b SNK  |y VYP  |7 0  |p 17A0260813  |o snkSC 11584/2 D2  |i snkF 923/2000  |8 5  |0 0  |1 0  |4 0  |d 2000-12-01  |l 0  |r 2005-01-01 00:00:00  |w 2026-02-23